| 000 | 01218nam a22003497a 4500 | ||
|---|---|---|---|
| 001 | 0008194 | ||
| 003 | KOHA_MİRAKIL | ||
| 005 | 20260207001625.0 | ||
| 007 | ta | ||
| 008 | 120402b1989 tu a|||gr||||#0|||0|tur | | ||
| 020 |
_a975160205X _cTL2,5 |
||
| 040 |
_aTR-BiSEU _btur _cTR-BiSEU _erda |
||
| 041 | 0 | _atur | |
| 044 | _ctu | ||
| 050 |
_aDR592.A8 _bA34 1989 |
||
| 100 | 1 | _aAfetinan, A.. | |
| 245 | 1 |
_aAtatürk'ten mektuplar/ _cA. Afetinan ; A. Afetinan. |
|
| 264 | 1 |
_aAnkara : _bAtatürk Kültür, Dil ve Tarih Yüksek Kurumu. Türk Tarih Kurumu yayınları _c1989 |
|
| 300 | _a102 [22] sayfa: resimli; 23 cm. | ||
| 336 |
_ametin _btxt _2rdacontent |
||
| 337 |
_aaracısız _bn _2rdamedia |
||
| 338 |
_acilt _bnc _2rdacarrier |
||
| 490 | 1 |
_aAtatürk Kültür, Dil ve Tarih Yüksek Kurumu Türk Tarihi Kurumu yayınları ; _vXVI dizi-sa. |
|
| 490 | 1 | _a42-a | |
| 500 | _aDizin var. | ||
| 650 | 0 |
_aAtatürk, Mustafa Kemal 1881-1938--Documents. _920321 |
|
| 650 | 0 |
_aAtatürk, Mustafa Kemal 1881-1938--Belgeler. _920322 |
|
| 830 | 1 |
_aAtatürk Kültür, Dil ve Tarih Yüksek Kurumu Türk Tarihi Kurumu yayınları ; _vXVI dizi-sa. _920323 |
|
| 830 | 1 |
_a42-a _920324 |
|
| 907 | _aTarih | ||
| 942 |
_2lcc _cBK |
||
| 999 |
_c8167 _d8167 |
||